Passaport dels parcs del Garraf, d'Olèrdola i del Foix
Descripción Física:
17 pàgines ; il·lustracions color ; 9 x 13 cm
Materias:
Parc del Garraf (Catalunya) -- Guies
; Parc d'Olèrdola (Catalunya) -- Guies
; Parc del Foix (Catalunya) -- Guies
Idioma:
Catalán
MARC
| LEADER | 00000nam a22000007a 4500 | ||
|---|---|---|---|
| 001 | 27667 | ||
| 003 | Arxiu | ||
| 005 | 20260324181512.0 | ||
| 008 | 230411b spa||||| |||| 00| 0 cat d | ||
| 017 | |a B 23415-2019 | ||
| 040 | |a agdb |b cat | ||
| 110 | 1 | |9 7250 |a Barcelona (Catalunya : Província). |b Xarxa de Parcs Naturals | |
| 245 | |a Passaport dels parcs del Garraf, d'Olèrdola i del Foix | ||
| 260 | |a Barcelona : |b Diputació de Barcelona. Xarxa de Parcs Naturals ; |c 2019 | ||
| 300 | |a 17 pàgines ; |b il·lustracions color ; |c 9 x 13 cm | ||
| 610 | 1 | 0 | |9 52677 |a Parc del Garraf (Catalunya) |v Guies |
| 610 | 2 | 0 | |9 52941 |a Parc d'Olèrdola (Catalunya) |v Guies |
| 610 | 0 | |9 7314 |a Parc del Foix (Catalunya) |v Guies | |
| 710 | 1 | |9 52730 |a Barcelona (Catalunya : Província). |b Gerència de Serveis d’Espais Naturals | |
| 710 | |9 56155 |a Barcelona (Catalunya : Província). |b Àrea d'Infraestructures, Mobilitat, Urbanisme, Habitatge i Espais Naturals | ||
| 942 | |2 udc |c ARXIU |n 1 | ||
| 952 | |0 0 |1 0 |2 udc |4 0 |6 FU7531 |7 1 |9 66035 |a Arxiu |b Arxiu |d 2023-04-11 |l 0 |o FU-75-31 |p 27667 |r 2023-04-11 00:00:00 |w 2023-04-11 |y ARXIU | ||
| 999 | |c 83325 |d 83325 | ||